00311nam a2200133Ia 4500008004100000020001500041041001200056082001600068100001600084245002500100260002900125300000800154650001500162221030s9999 xx 000 0 und d a8176486396 aEnglish a105.23bRed aR. J. Reddy 0aFinancial Management bAPH PubaNew Delhic2004 a134 aManagement